000 00536nam a2200169Ia 4500
003 GCL
008 140319s9999 xx 000 0 ara d
040 _aGCL /
_cGCL
082 0 4 _aد
_b050
_bم ث
100 1 _aالمجلس الوطنى للثقافة والفنون
245 1 0 _aالثقافة العالمية /
_cالمجلس الوطنى للثقافة والفنون
300 _a256 ص
490 _aالسلسلة الفلسفية
_v0
650 0 4 _aدوائر المعارف
650 0 4 _aالدوريات
942 _2ddc
_cCF
999 _c27424
_d27424